000 00755nam a2200253 a 4500
001 BRCA_7831
005 20190320210020.0
008 011113s1965----gw-a######---#000-0#ger-#
041 _ager
044 _agw
050 4 _aNK5106
_b.S35
_c1965
100 1 _aSchlosser, Ignaz
_918658
245 1 0 _aDas alte glas
_cvon I. Schlosser.
250 _a2
260 _aBrunswick, Alemania
_bKlinkhardt & Biermann
_c1965
300 _a388 p.
_bil. a color, 20 láminas
_c26 cm.
440 0 _aBibliothek fur Kunst-und Antiquitaten-Freunde
_v36
_919387
500 _aVer también S44 (1ra. ed. 1956)
500 _aY29
650 1 4 _aCristalería
_xHistoria
_9686
650 1 4 _aCristalería
_xColeccionistas y colecciones
_918181
902 _aGFM
942 _2lcc
_cB
999 _c7505
_d7505